01960cam a22004694i 4500001000600000003000900006005001700015008004100032020001500073020001800088035002700106040004300133082002300176082002400199100003000223245004600253264005000299300005500349336002100404337002500425338002300450504002800473505080200501526001001303526001001313526000901323526000901332526000901341526000901350526000901359526000901368526000801377526000801385526000801393526000801401526000801409526000801417526000801425526000801433650002701441700002201468u4438PE-LiUPU20250731180139.0150616s1985 mx a rb 000 0 spa d a9684516959 a9789684516953 a(Sirsi) i9789684516953 aPE-LiUPUbspacPE-LiUPUdPE-LiUPUerda04a574.13061bT2722104a574.13061bT27 19851 aTaylor, Keith B.,eautor.10aNutrición clínica /cKeith B. Taylor. 1aMéxico :bMcGrawn-Hill Book Company,c1985. a656 páginas :bilustraciones ;c23 centímetros atext2rdacontent aunmediated2rdamedia avolume2rdacarrier aNotas bibliográficas.0 aEvaluación del estado nutricional -- Medios para realizar la orientación nutricional -- Apoyo nutricional: suplementos, alimentación entérica y parenteral -- Aspectos nutricionales del embarazo, el amamantamiento, la lactancia y la niñez, adolescencia, edad madura, vejez -- Controversias en torno a la nutrición -- Interacciones de medicamentos y nutrimentos -- Obesidad -- Enfermedad coronaria -- Hipertensión -- Aspectos nutricionales de la hematopoyesis -- Aspectos nutricionales de diabetes mellitus -- Aspectos nutricionales de las enfermedades renales -- Aspectos nutricionales de la osteoporosis -- Aspectos nutricionales del raquitismo y la osteomalacia -- Aspectos nutricionales de las enfermedades gastrointestinales -- Aspectos nutricionales de la ingestión de alcohol. aSEG44 aSEG26 aP159 aP155 aP154 aP153 aP150 aP100 aP31 aP30 aP26 aP25 aP24 aP22 aP15 aP1004aNutrición clínica.1 aLuean E. Anthony.